000 00597nam a22001817a 4500
003 BUBTL
008 200122b xxu||||| |||| 00| 0 eng d
020 _a9844150485
082 _a891.443 / H2753m
100 _92365
_aহাসনাত, আবুল
245 _aমুক্তিযুদ্ধের গল্প /
_cআবুল হাসনাত
260 _aঢাকা :
_bঅবসর,
_cc1997.
300 _a564 p. :
_bill. ;
_c22 cm.
650 0 _91755
_aমুক্তিযুদ্ধ
856 _k0
_l0
_yDownload
942 _2ddc
_cBK
999 _c6253
_d6253